[Event "SVK-chT3A2 2122"]
[Site "Slovakia"]
[Date "2022.03.20"]
[Round "11.5"]
[White "Kocak, Branislav"]
[Black "Doucha, Ludvig"]
[Result "1/2-1/2"]
[WhiteElo "1885"]
[BlackElo "1816"]
[PlyCount "73"]
[EventDate "2021.10.10"]
[EventType "team-tourn"]
[EventRounds "11"]
[EventCountry "SVK"]
[SourceTitle "EXT 2024"]
[Source "ChessBase"]
[SourceDate "2023.10.10"]
[SourceVersion "1"]
[SourceVersionDate "2023.10.10"]
[SourceQuality "1"]
[WhiteTeam "Gbely Nafta"]
[BlackTeam "Trnava Lokomotiva"]
[WhiteTeamCountry "SVK"]
[BlackTeamCountry "SVK"]

1. c4 Nf6 2. Nf3 e6 3. d4 c5 4. Nc3 cxd4 5. Nxd4 a6 6. a3 Nc6 7. e3 Be7 8. Be2 Nxd4 9. Qxd4 b6 10. Bf3 Rb8 11. 0-0 Bb7 12. e4 d6 13. Be3 Bc6 14. Rfd1 Qc7 15. Rac1 Qb7 16. Qd3 0-0 17. Bg5 Rfd8 18. Rc2 b5 19. cxb5 axb5 20. b4 Ra8 21. Bc1 Nd7 22. Be2 Ne5 23. Qe3 f5 24. f4 Nf7 25. Bf3 Bf6 26. exf5 Bxf3 27. Qxf3 Qxf3 28. gxf3 Bxc3 29. Rxc3 exf5 30. Rd5 Rdc8 31. Bb2 Rxc3 32. Bxc3 Rxa3 33. Rxb5 h6 34. Rb8+ Kh7 35. Rc8 Rb3 36. Rc7 Kg6 37. Kg2 1/2-1/2

[Event "SVK-chT3A2 2122"]
[Site "Slovakia"]
[Date "2021.11.21"]
[Round "4.6"]
[White "Libich, Roman"]
[Black "Doucha, Ludvig"]
[Result "0-1"]
[WhiteElo "1287"]
[BlackElo "1816"]
[PlyCount "58"]
[EventDate "2021.10.10"]
[EventType "team-tourn"]
[EventRounds "11"]
[EventCountry "SVK"]
[SourceTitle "EXT 2023"]
[Source "ChessBase"]
[SourceDate "2022.10.05"]
[SourceVersion "1"]
[SourceVersionDate "2022.10.05"]
[SourceQuality "1"]
[WhiteTeam "Modranka Komplet II"]
[BlackTeam "Trnava Lokomotiva"]
[WhiteTeamCountry "SVK"]
[BlackTeamCountry "SVK"]

1. e4 e5 2. Nf3 d6 3. h3 f5 4. d3 Nc6 5. Nc3 Nf6 6. Be2 Be7 7. 0-0 0-0 8. a3 Kh8 9. Nh2 f4 10. Ng4 Nd4 11. Nxf6 Nxe2+ 12. Qxe2 Bxf6 13. Nd5 Bg5 14. Kh2 c6 15. Nc3 f3 16. Qe1 Bxc1 17. Rxc1 fxg2 18. Kxg2 Qg5+ 19. Kh2 Rf3 20. Qe3 Qh5 21. Rce1 Bxh3 22. Qxf3 Qxf3 23. Rg1 Be6 24. Rg2 Rf8 25. Kg1 Bh3 26. Rh2 Rf6 27. Ne2 Rg6+ 28. Ng3 Rxg3+ 29. fxg3 Qxg3+ 0-1

[Event "SVK-ch 65"]
[Site "Tatranske Matliare"]
[Date "2019.05.26"]
[Round "2"]
[White "Doucha, Ludvig"]
[Black "Privara, Igor"]
[Result "0-1"]
[WhiteElo "1830"]
[BlackElo "2177"]
[PlyCount "64"]
[EventDate "2019.05.25"]
[EventType "swiss"]
[EventRounds "9"]
[EventCountry "SVK"]
[SourceTitle "CBM 190 Extra"]
[Source "ChessBase"]
[SourceDate "2019.07.15"]
[SourceVersion "1"]
[SourceVersionDate "2019.07.15"]
[SourceQuality "1"]

1. Nf3 d5 2. d4 Nf6 3. Bf4 c5 4. e3 Nc6 5. c3 Qb6 6. Qc2 g6 7. Nbd2 Bf5 8. Qc1 cxd4 9. exd4 Rc8 10. a3 Bg7 11. Be2 Ne4 12. Be3 Nxd2 13. Qxd2 Na5 14. 0-0 Nb3 15. Qd1 Nxa1 16. Qxa1 0-0 17. Qc1 Bg4 18. Qd2 a5 19. h3 Bxf3 20. Bxf3 Qd6 21. Bf4 Qd7 22. Re1 b5 23. Re3 Rfe8 24. Qe2 b4 25. axb4 axb4 26. Bg4 e6 27. Bf3 Rc4 28. Rd3 Qa4 29. Bd2 Qa1+ 30. Kh2 Qxb2 31. Bxd5 Rxc3 32. Bf3 Rxd3 0-1

[Event "SVK-chT2A 1819"]
[Site "Slovakia"]
[Date "2018.12.16"]
[Round "6.7"]
[White "Soldan, Jan"]
[Black "Doucha, Ludvig"]
[Result "1/2-1/2"]
[WhiteElo "1755"]
[BlackElo "1829"]
[PlyCount "42"]
[EventDate "2018.10.13"]
[EventType "team-tourn"]
[EventRounds "11"]
[EventCountry "SVK"]
[SourceTitle "CBM 189 Extra"]
[Source "ChessBase"]
[SourceDate "2019.06.03"]
[SourceVersion "1"]
[SourceVersionDate "2019.06.03"]
[SourceQuality "1"]
[WhiteTeam "Modra II"]
[BlackTeam "Trnava Lokomotiva"]
[WhiteTeamCountry "SVK"]
[BlackTeamCountry "SVK"]

1. e4 e5 2. Nf3 d6 3. Bc4 c5 4. 0-0 Be7 5. Nc3 Nf6 6. d3 h6 7. h3 Nc6 8. Be3 0-0 9. Nh2 Nd4 10. Ne2 b5 11. Bb3 Nxe2+ 12. Qxe2 a5 13. a4 b4 14. f4 Be6 15. fxe5 dxe5 16. Bxe6 fxe6 17. b3 Qd6 18. Ng4 Nxg4 19. Qxg4 Kh7 20. Kh2 Rxf1 21. Rxf1 Rf8 1/2-1/2

[Event "SVK-chT3A2 1819"]
[Site "Slovakia"]
[Date "2018.10.21"]
[Round "2.4"]
[White "Doucha, Ludvig"]
[Black "Babirat, Michal"]
[Result "0-1"]
[WhiteElo "1847"]
[BlackElo "1834"]
[PlyCount "142"]
[EventDate "2018.10.07"]
[EventType "team-tourn"]
[EventRounds "11"]
[EventCountry "SVK"]
[SourceTitle "EXT 2020"]
[Source "ChessBase"]
[SourceDate "2019.10.17"]
[SourceVersion "1"]
[SourceVersionDate "2019.10.17"]
[SourceQuality "1"]
[WhiteTeam "Trnava Lokomotiva II"]
[BlackTeam "Trnava Lokomotiva III"]
[WhiteTeamCountry "SVK"]
[BlackTeamCountry "SVK"]

1. d4 Nf6 2. Bg5 e6 3. e4 h6 4. Bxf6 Qxf6 5. e5 Qd8 6. Bd3 c5 7. c3 Nc6 8. Nf3 Qb6 9. Qb3 Qxb3 10. axb3 cxd4 11. 0-0 dxc3 12. bxc3 d5 13. b4 b6 14. Na3 a6 15. Nb5 Kd7 16. Ra2 Bb7 17. Rfa1 Be7 18. Nbd4 Nxd4 19. Nxd4 Rhc8 20. Ne2 b5 21. Ra3 Kc7 22. f4 Kb6 23. Kf2 Rc7 24. g3 Rac8 25. Ke3 g5 26. f5 exf5 27. Bxf5 Re8 28. Kd2 Bf8 29. Nd4 Rxe5 30. Re1 Rxe1 31. Kxe1 Bg7 32. Ne2 Bc8 33. Bxc8 Rxc8 34. Kd2 Rc4 35. Kd3 f5 36. Ra1 Rxb4 37. Rf1 Rc4 38. Rxf5 Rc5 39. Rf7 Rc7 40. Rf5 Rd7 41. Nd4 Bxd4 42. Kxd4 Kc6 43. Rf8 Rd6 44. g4 Re6 45. h3 Re4+ 46. Kd3 Rf4 47. Rg8 Rf3+ 48. Kd4 Rxh3 49. Rg6+ Kb7 50. Rf6 Rg3 51. Rxh6 Rxg4+ 52. Kd3 Rc4 53. Rd6 g4 54. Rxd5 Kb6 55. Rg5 Rf4 56. Rg6+ Ka5 57. Kc2 b4 58. cxb4+ Rxb4 59. Kc3 Kb5 60. Kc2 a5 61. Rg5+ Ka4 62. Kc1 Rf4 63. Kd2 Kb4 64. Kc2 a4 65. Kb2 Rf2+ 66. Kb1 Rf4 67. Rg8 Kc3 68. Rd8 g3 69. Rg8 Rf3 70. Ka2 Kd2 71. Rg4 a3 0-1

[Event "SVK-chT2A 1718"]
[Site "Slovakia"]
[Date "2018.03.17"]
[Round "10.8"]
[White "Merva, Frantisek"]
[Black "Doucha, Ludvig"]
[Result "1-0"]
[WhiteElo "2091"]
[BlackElo "1861"]
[PlyCount "57"]
[EventDate "2017.10.28"]
[EventType "team-tourn"]
[EventRounds "11"]
[EventCountry "SVK"]
[SourceTitle "EXT 2020"]
[Source "ChessBase"]
[SourceDate "2019.10.17"]
[SourceVersion "1"]
[SourceVersionDate "2019.10.17"]
[SourceQuality "1"]
[WhiteTeam "Potonska Veza"]
[BlackTeam "Trnava Lokomotiva II"]
[WhiteTeamCountry "SVK"]
[BlackTeamCountry "SVK"]

1. d4 Nf6 2. c4 c5 3. d5 e5 4. Nc3 d6 5. e4 g6 6. f3 Bg7 7. Be3 a6 8. Qd2 h5 9. Bd3 Nbd7 10. Nh3 Rb8 11. Ng5 Qc7 12. 0-0 b5 13. cxb5 c4 14. Be2 axb5 15. a4 Nc5 16. Nxb5 Rxb5 17. axb5 Nb3 18. Qc3 Nxa1 19. Rxa1 Qb8 20. Qxc4 Bd7 21. b6 0-0 22. Ra7 Bh6 23. h4 Rc8 24. Rc7 Ne8 25. Rxc8 Bxc8 26. Qc6 Bb7 27. Qd7 Bxg5 28. Bxg5 Kg7 29. Qd8 1-0

[Event "SVK-chT2A 1718"]
[Site "Slovakia"]
[Date "2018.02.24"]
[Round "8.8"]
[White "Sturc, Gustav"]
[Black "Doucha, Ludvig"]
[Result "1-0"]
[WhiteElo "2000"]
[BlackElo "1861"]
[PlyCount "63"]
[EventDate "2017.10.28"]
[EventType "team-tourn"]
[EventRounds "11"]
[EventCountry "SVK"]
[SourceTitle "EXT 2020"]
[Source "ChessBase"]
[SourceDate "2019.10.17"]
[SourceVersion "1"]
[SourceVersionDate "2019.10.17"]
[SourceQuality "1"]
[WhiteTeam "Bratislava Slovan IV"]
[BlackTeam "Trnava Lokomotiva II"]
[WhiteTeamCountry "SVK"]
[BlackTeamCountry "SVK"]

1. e4 e5 2. Nf3 Nc6 3. Bb5 a6 4. Ba4 Nf6 5. 0-0 Be7 6. Bxc6 dxc6 7. Qe1 Nd7 8. d4 exd4 9. Nxd4 0-0 10. Nf5 Bf6 11. Nc3 Re8 12. Ng3 g6 13. f4 Qe7 14. Be3 Bh4 15. Bf2 Nf6 16. e5 Nd5 17. Nge4 Bxf2+ 18. Qxf2 Kg7 19. Nxd5 cxd5 20. Nf6 Rd8 21. Qh4 Rh8 22. Rae1 h6 23. Qg3 Qc5+ 24. Rf2 Bf5 25. c3 Rad8 26. Qh4 Qe7 27. g4 Bc8 28. f5 g5 29. Qg3 Qc5 30. Nh5+ Kh7 31. e6 fxe6 32. Qe5 1-0

[Event "SVK-chT3A2 1718"]
[Site "Slovakia"]
[Date "2018.02.18"]
[Round "9.5"]
[White "Doucha, Ludvig"]
[Black "Blaho, Stefan"]
[Result "0-1"]
[WhiteElo "1893"]
[BlackElo "2029"]
[PlyCount "118"]
[EventDate "2017.10.08"]
[EventType "team-tourn"]
[EventRounds "11"]
[EventCountry "SVK"]
[SourceTitle "EXT 2020"]
[Source "ChessBase"]
[SourceDate "2019.10.17"]
[SourceVersion "1"]
[SourceVersionDate "2019.10.17"]
[SourceQuality "1"]
[WhiteTeam "Trnava Lokomotiva III"]
[BlackTeam "Dunajska Streda II"]
[WhiteTeamCountry "SVK"]
[BlackTeamCountry "SVK"]

1. Nf3 d5 2. d4 Nf6 3. e3 Bf5 4. c4 e6 5. Nc3 c6 6. Be2 Nbd7 7. 0-0 Bd6 8. b3 0-0 9. Bb2 h6 10. c5 Bc7 11. b4 e5 12. dxe5 Nxe5 13. Nd4 Bd7 14. Rc1 Ne4 15. f4 Nxc3 16. Rxc3 Ng6 17. g3 Re8 18. Bf3 Nf8 19. Re1 a5 20. a3 axb4 21. axb4 Ra2 22. Rb3 Qa8 23. Qc1 Bd8 24. Ra3 Rxa3 25. Bxa3 Bf6 26. Bb2 Qc8 27. e4 dxe4 28. Bxe4 Re7 29. Bc2 Rxe1+ 30. Qxe1 Ne6 31. Qe4 g6 32. Nxe6 Bxb2 33. Nd4 Qe8 34. Nf3 Qxe4 35. Bxe4 f5 36. Bd3 Ba3 37. Ne5 Be8 38. Bc4+ Kg7 39. Nd3 Bf7 40. Bxf7 Kxf7 41. h4 Ke6 42. Kf2 Kd5 43. Ke3 h5 44. Ke2 Ke4 45. Nf2+ Kd4 46. Nd3 Kc3 47. Ne5 Bxb4 48. Nxg6 Bxc5 49. g4 fxg4 50. f5 Bd4 51. Nf4 Bf6 52. Nxh5 Bxh4 53. f6 b5 54. f7 Be7 55. Nf6 g3 56. Ne4+ Kc2 57. Nxg3 b4 58. Nf5 Bf8 59. Nd4+ Kc3 0-1

[Event "SVK-chT3A2 1718"]
[Site "Slovakia"]
[Date "2018.01.21"]
[Round "8.2"]
[White "Doucha, Ludvig"]
[Black "Kubis, Ivan"]
[Result "1/2-1/2"]
[WhiteElo "1893"]
[BlackElo "1897"]
[PlyCount "56"]
[EventDate "2017.10.08"]
[EventType "team-tourn"]
[EventRounds "11"]
[EventCountry "SVK"]
[SourceTitle "EXT 2020"]
[Source "ChessBase"]
[SourceDate "2019.10.17"]
[SourceVersion "1"]
[SourceVersionDate "2019.10.17"]
[SourceQuality "1"]
[WhiteTeam "Trnava Lokomotiva III"]
[BlackTeam "Gbely Nafta II"]
[WhiteTeamCountry "SVK"]
[BlackTeamCountry "SVK"]

1. Nf3 Nf6 2. d4 e6 3. e3 b6 4. Bd3 Bb7 5. Nbd2 d5 6. Ne5 Nbd7 7. Nxd7 Qxd7 8. 0-0 Bd6 9. Re1 0-0 10. c3 c5 11. b3 Rac8 12. Bb2 e5 13. dxe5 Bxe5 14. h3 Rfe8 15. a4 a6 16. Qe2 Ra8 17. Nf3 Bd6 18. Nd2 Be5 19. Nf3 Bd6 20. Nd2 Qe7 21. c4 h6 22. cxd5 Nxd5 23. Qg4 Nf6 24. Qf5 Qe6 25. Bxf6 Qxf5 26. Bxf5 gxf6 27. Nc4 Bc7 28. Rad1 Rad8 1/2-1/2

[Event "SVK-chT3A2 1718"]
[Site "Slovakia"]
[Date "2017.11.19"]
[Round "4.2"]
[White "Csuri, Szilveszter"]
[Black "Doucha, Ludvig"]
[Result "1-0"]
[WhiteElo "1956"]
[BlackElo "1893"]
[PlyCount "97"]
[EventDate "2017.10.08"]
[EventType "team-tourn"]
[EventRounds "11"]
[EventCountry "SVK"]
[SourceTitle "EXT 2020"]
[Source "ChessBase"]
[SourceDate "2019.10.17"]
[SourceVersion "1"]
[SourceVersionDate "2019.10.17"]
[SourceQuality "1"]
[WhiteTeam "Potonska Veza II"]
[BlackTeam "Trnava Lokomotiva III"]
[WhiteTeamCountry "SVK"]
[BlackTeamCountry "SVK"]

1. e4 e5 2. Nf3 d6 3. d4 exd4 4. Nxd4 g6 5. Bd3 Bg7 6. c3 Nc6 7. Nxc6 bxc6 8. 0-0 Ne7 9. Bg5 0-0 10. Re1 Rb8 11. Qc2 f6 12. Bh4 Be6 13. Nd2 Qd7 14. Rad1 Kh8 15. Nb3 c5 16. Bf1 Qa4 17. Ra1 Nc6 18. Reb1 Bxb3 19. axb3 Qxb3 20. Qxb3 Rxb3 21. Bc4 Rb6 22. Bd5 a6 23. Ra2 Ra8 24. f4 Ra7 25. Re1 Ne7 26. Bc4 Nc6 27. Bf2 a5 28. Bd5 Bh6 29. g3 Bg7 30. Kg2 Rab7 31. Re2 Ra7 32. Re1 Ne7 33. Bc4 h5 34. b4 Nc6 35. bxc5 Rb8 36. cxd6 cxd6 37. Bxa7 Nxa7 38. Rxa5 Nc8 39. Re2 Rb7 40. Bd5 Rc7 41. c4 Nb6 42. Rc2 f5 43. exf5 gxf5 44. Be6 Bd4 45. Rxf5 Kg7 46. Rxh5 Kf6 47. Bd5 Kg6 48. Rg5+ Kf6 49. h4 1-0

[Event "SVK-ch Seniors 65"]
[Site "Tatranske Matliare"]
[Date "2017.06.02"]
[Round "8"]
[White "Komlos, Jan"]
[Black "Doucha, Ludvig"]
[Result "0-1"]
[WhiteElo "1609"]
[BlackElo "1896"]
[PlyCount "62"]
[EventDate "2017.05.27"]
[EventType "swiss"]
[EventRounds "9"]
[EventCountry "SVK"]
[SourceTitle "EXT 2023"]
[Source "ChessBase"]
[SourceDate "2022.10.05"]
[SourceVersion "1"]
[SourceVersionDate "2022.10.05"]
[SourceQuality "1"]

1. d4 Nf6 2. c4 c5 3. Nf3 e6 4. Nc3 Be7 5. g3 0-0 6. Bg2 a6 7. 0-0 cxd4 8. Nxd4 Qc7 9. Qd3 Rd8 10. b3 Nc6 11. e3 b6 12. a3 Bb7 13. Bb2 Ne5 14. Qc2 Bxg2 15. Kxg2 d5 16. cxd5 Nxd5 17. Rfc1 Nxc3 18. Qxc3 Qb7+ 19. Nc6 Bf6 20. Qc2 Nxc6 21. Qxc6 Qxc6+ 22. Rxc6 Bxb2 23. Ra2 Bf6 24. Rxb6 Rdb8 25. Rxb8+ Rxb8 26. b4 h5 27. Rc2 Rb5 28. Rc5 Rxc5 29. bxc5 Kf8 30. Kf3 Ke8 31. Ke4 Kd7 0-1

[Event "SVK-ch Seniors 65"]
[Site "Tatranske Matliare"]
[Date "2017.05.31"]
[Round "6"]
[White "Sturc, Jan"]
[Black "Doucha, Ludvig"]
[Result "0-1"]
[WhiteElo "1995"]
[BlackElo "1896"]
[PlyCount "24"]
[EventDate "2017.05.27"]
[EventType "swiss"]
[EventRounds "9"]
[EventCountry "SVK"]
[SourceTitle "EXT 2023"]
[Source "ChessBase"]
[SourceDate "2022.10.05"]
[SourceVersion "1"]
[SourceVersionDate "2022.10.05"]
[SourceQuality "1"]

1. e4 e5 2. Nf3 d6 3. d4 exd4 4. Nxd4 g6 5. Bc4 Bg7 6. Nc3 Nc6 7. Be3 Nf6 8. f3 0-0 9. Qd2 Nxd4 10. Bxd4 Be6 11. Bb3 c5 12. Bxe6 cxd4 0-1

[Event "SVK-ch Seniors 65"]
[Site "Tatranske Matliare"]
[Date "2017.05.30"]
[Round "5"]
[White "Doucha, Ludvig"]
[Black "Csefalvay, Stefan"]
[Result "1/2-1/2"]
[WhiteElo "1896"]
[BlackElo "1809"]
[PlyCount "100"]
[EventDate "2017.05.27"]
[EventType "swiss"]
[EventRounds "9"]
[EventCountry "SVK"]
[SourceTitle "EXT 2023"]
[Source "ChessBase"]
[SourceDate "2022.10.05"]
[SourceVersion "1"]
[SourceVersionDate "2022.10.05"]
[SourceQuality "1"]

1. e4 c5 2. c4 Nc6 3. Ne2 Nf6 4. Nbc3 g6 5. d4 cxd4 6. Nxd4 d6 7. Be2 Bg7 8. Be3 Bd7 9. 0-0 0-0 10. Kh1 a6 11. f4 Rb8 12. Qd2 Nxd4 13. Bxd4 b5 14. e5 Ne8 15. Rad1 Bc6 16. exd6 Qxd6 17. Bxg7 Qxd2 18. Rxd2 Kxg7 19. c5 Nf6 20. b4 Rfe8 21. Bf3 Bxf3 22. Rxf3 Rec8 23. g3 Rc6 24. Re3 e6 25. Red3 h5 26. h3 Rb7 27. Kg2 Kf8 28. Kf3 Ke7 29. g4 hxg4+ 30. hxg4 Rd7 31. g5 Rxd3+ 32. Rxd3 Ne8 33. a4 bxa4 34. Nxa4 Nc7 35. Nb6 Ke8 36. Rd6 Rxd6 37. cxd6 Nd5 38. Nc4 Nxb4 39. Ne5 a5 40. Ke2 Nd5 41. d7+ Ke7 42. Nxf7 Kxd7 43. Ne5+ Ke8 44. Nxg6 a4 45. Kd2 Kf7 46. Ne5+ Kg7 47. Nd3 Kg6 48. Kc2 Kf5 49. Kb2 Ne7 50. Nc5 Ng6 1/2-1/2

[Event "SVK-ch Seniors 65"]
[Site "Tatranske Matliare"]
[Date "2017.05.28"]
[Round "2"]
[White "Drabek, Miloslav"]
[Black "Doucha, Ludvig"]
[Result "1/2-1/2"]
[WhiteElo "2073"]
[BlackElo "1896"]
[PlyCount "41"]
[EventDate "2017.05.27"]
[EventType "swiss"]
[EventRounds "9"]
[EventCountry "SVK"]
[SourceTitle "EXT 2023"]
[Source "ChessBase"]
[SourceDate "2022.10.05"]
[SourceVersion "1"]
[SourceVersionDate "2022.10.05"]
[SourceQuality "1"]

1. d4 Nf6 2. Nf3 d5 3. c4 c6 4. Nbd2 Bf5 5. Nh4 Bg6 6. Nxg6 hxg6 7. e3 e6 8. g3 Nbd7 9. Bg2 Be7 10. 0-0 0-0 11. b3 Qc7 12. Bb2 Rfc8 13. e4 dxe4 14. Nxe4 Nxe4 15. Bxe4 Nf6 16. Bg2 Rd8 17. Qe2 a5 18. a3 Bf8 19. Rfd1 Qb6 20. Qc2 Rac8 21. h3 1/2-1/2

[Event "SVK-chT3A2 1617"]
[Site "Slovakia"]
[Date "2017.02.05"]
[Round "8.1"]
[White "Diviak, Rudolf"]
[Black "Doucha, Ludvig"]
[Result "1/2-1/2"]
[WhiteElo "1810"]
[BlackElo "1946"]
[PlyCount "29"]
[EventDate "2016.10.16"]
[EventType "team-tourn"]
[EventRounds "11"]
[EventCountry "SVK"]
[SourceTitle "EXT 2020"]
[Source "ChessBase"]
[SourceDate "2019.10.17"]
[SourceVersion "1"]
[SourceVersionDate "2019.10.17"]
[SourceQuality "1"]
[WhiteTeam "Senica CVC"]
[BlackTeam "Trnava Lokomotiva III"]
[WhiteTeamCountry "SVK"]
[BlackTeamCountry "SVK"]

1. e4 e5 2. Nf3 d6 3. d4 exd4 4. Qxd4 Nc6 5. Bb5 Nge7 6. Bg5 f6 7. Be3 a6 8. Qa4 Bd7 9. Be2 Ne5 10. Qb3 Nxf3+ 11. Bxf3 Bc6 12. Nd2 Ng6 13. 0-0-0 Qe7 14. Rhe1 0-0-0 15. Bg4+ 1/2-1/2

[Event "SVK-chT3A2 1617"]
[Site "Slovakia"]
[Date "2017.01.22"]
[Round "7.6"]
[White "Bango, Dominik"]
[Black "Doucha, Ludvig"]
[Result "1-0"]
[WhiteElo "1769"]
[BlackElo "1946"]
[PlyCount "101"]
[EventDate "2016.10.16"]
[EventType "team-tourn"]
[EventRounds "11"]
[EventCountry "SVK"]
[SourceTitle "EXT 2020"]
[Source "ChessBase"]
[SourceDate "2019.10.17"]
[SourceVersion "1"]
[SourceVersionDate "2019.10.17"]
[SourceQuality "1"]
[WhiteTeam "Modranka Komplet"]
[BlackTeam "Trnava Lokomotiva III"]
[WhiteTeamCountry "SVK"]
[BlackTeamCountry "SVK"]

1. e4 e5 2. Nf3 d6 3. Bc4 c5 4. 0-0 Nc6 5. c3 h6 6. h3 Qc7 7. d3 Be7 8. Be3 Nf6 9. Nbd2 0-0 10. Qc2 Nh7 11. d4 Kh8 12. dxc5 dxc5 13. Nb3 b6 14. Rad1 Bb7 15. Bd5 Rad8 16. c4 Nb4 17. Qb1 Nxd5 18. exd5 f5 19. Rfe1 e4 20. Nh2 Bd6 21. Nf1 Bc8 22. Bd2 Rde8 23. Qc2 Nf6 24. Bc3 Nd7 25. Nbd2 Ne5 26. Bxe5 Rxe5 27. f3 exf3 28. Nxf3 Ree8 29. Qc3 Bd7 30. Ne3 Kh7 31. Nc2 Rxe1+ 32. Rxe1 Re8 33. Ne3 Bg3 34. Re2 Qd6 35. Nxf5 Bxf5 36. Rxe8 Qg6 37. Re2 Bd7 38. Qc2 Bf5 39. Qc3 Bd7 40. Qc2 Bf5 41. Qd1 Be4 42. Re3 Bf4 43. Rc3 Bd6 44. Qe2 Bxf3 45. Rxf3 Qb1+ 46. Rf1 Qg6 47. Qe6 Qg3 48. Qe4+ Kg8 49. Rf3 Qh2+ 50. Kf2 Qh1 51. Qe6+ 1-0

[Event "SVK-chT2A 1617"]
[Site "Slovakia"]
[Date "2017.01.21"]
[Round "7.8"]
[White "Doucha, Ludvig"]
[Black "Lukacovic, Miroslav"]
[Result "1/2-1/2"]
[WhiteElo "1902"]
[BlackElo "1968"]
[PlyCount "122"]
[EventDate "2016.10.08"]
[EventType "team-tourn"]
[EventRounds "11"]
[EventCountry "SVK"]
[SourceTitle "EXT 2018"]
[Source "ChessBase"]
[SourceDate "2017.10.13"]
[SourceVersion "1"]
[SourceVersionDate "2017.10.13"]
[SourceQuality "1"]
[WhiteTeam "Trnava Lokomotiva II"]
[BlackTeam "Sered MSK"]
[WhiteTeamCountry "SVK"]
[BlackTeamCountry "SVK"]

1. e4 b6 2. d4 Bb7 3. Bd3 e6 4. Nf3 d5 5. e5 c5 6. c3 Nc6 7. a3 Qc7 8. 0-0 Nge7 9. b4 Ng6 10. Qe2 Be7 11. Nbd2 Nf4 12. Qe3 Nxd3 13. Qxd3 Rc8 14. Bb2 0-0 15. Rae1 Nb8 16. b5 Qd7 17. a4 a6 18. Rb1 f5 19. Bc1 Qc7 20. Re1 Kh8 21. Nf1 a5 22. Bd2 h6 23. h4 Qd8 24. g3 g5 25. hxg5 hxg5 26. g4 c4 27. Qe2 f4 28. Kg2 Kg7 29. N1h2 Qe8 30. Rh1 Qg6 31. Ra1 Rh8 32. Nf1 Rxh1 33. Kxh1 Rh8+ 34. N1h2 Qe4 35. Qd1 Nd7 36. Kg1 Nf8 37. Be1 Ng6 38. Qd2 Nh4 39. Nxh4 Rxh4 40. f3 Rxh2 41. Kxh2 Qxf3 42. Qg2 Qxg2+ 43. Kxg2 Bc8 44. Ra2 Bd7 45. Rb2 Ba3 46. Rb1 Be8 47. Ra1 Be7 48. Kf3 Bg6 49. Ke2 Bd3+ 50. Kf2 Bc2 51. Bd2 Bb3 52. Ke1 Bc2 53. Bc1 Be4 54. Kf2 Bc2 55. Bb2 Bf8 56. Ke1 Be4 57. Ke2 Bc2 58. Ba3 Bxa3 59. Rxa3 Bd3+ 60. Kf2 Be4 61. Ra2 Bg6 1/2-1/2

[Event "SVK-chT4 A22 1617"]
[Site "Slovakia"]
[Date "2016.10.23"]
[Round "2.4"]
[White "Doucha, Ludvig"]
[Black "Puchart, Vladimir"]
[Result "0-1"]
[WhiteElo "1946"]
[BlackElo "2046"]
[PlyCount "58"]
[EventDate "2016.10.09"]
[EventType "team-tourn"]
[EventRounds "11"]
[EventCountry "SVK"]
[SourceTitle "EXT 2020"]
[Source "ChessBase"]
[SourceDate "2019.10.17"]
[SourceVersion "1"]
[SourceVersionDate "2019.10.17"]
[SourceQuality "1"]

1. d4 Nf6 2. e3 d5 3. Bd3 c5 4. c3 Nc6 5. f4 Bg4 6. Nf3 e6 7. 0-0 Bd6 8. h3 Bh5 9. Qe1 Bg6 10. Bxg6 hxg6 11. Ne5 Qb6 12. Nd2 Rh5 13. Qf2 Ke7 14. Qg3 Rah8 15. Rb1 cxd4 16. exd4 Nxe5 17. fxe5 Bxe5 18. Qe3 Bd6 19. b4 g5 20. Qf3 g4 21. hxg4 Rh1+ 22. Kf2 Rxf1+ 23. Kxf1 Qb5+ 24. Kf2 Rh1 25. a4 Qxa4 26. g5 Nh5 27. g4 Ng3 28. Kg2 Qc2 29. g6 f6 0-1

[Event "SVK-chT2A 1617"]
[Site "Slovakia"]
[Date "2016.10.09"]
[Round "2.8"]
[White "Doucha, Ludvig"]
[Black "Briestenska, Andrea"]
[Result "1/2-1/2"]
[WhiteElo "1928"]
[BlackElo "1993"]
[PlyCount "62"]
[EventDate "2016.10.08"]
[EventType "team-tourn"]
[EventRounds "11"]
[EventCountry "SVK"]
[SourceTitle "CBM 175 Extra"]
[Source "ChessBase"]
[SourceDate "2016.12.12"]
[SourceVersion "1"]
[SourceVersionDate "2016.12.12"]
[SourceQuality "1"]
[WhiteTeam "Trnava Lokomotiva II"]
[BlackTeam "Bratislava Slovan V"]
[WhiteTeamCountry "SVK"]
[BlackTeamCountry "SVK"]

1. e4 d6 2. d4 Nf6 3. Bd3 c6 4. f4 e5 5. c3 Nbd7 6. Nf3 Qc7 7. 0-0 Be7 8. a4 a5 9. Na3 0-0 10. Nc4 exd4 11. cxd4 d5 12. e5 dxc4 13. exf6 Bxf6 14. Bxc4 Nb6 15. Bb3 Bg4 16. h3 Bxf3 17. Rxf3 Rad8 18. Be3 Qd6 19. Qd2 Nd5 20. Bf2 Rd7 21. Rd1 Rfd8 22. g3 Nb4 23. d5 cxd5 24. Bd4 Bxd4+ 25. Qxd4 Nc6 26. Qf2 Kh8 27. Rxd5 Qb4 28. Rxd7 Rxd7 29. Rc3 h6 30. Qc5 Qe4 31. Qe3 Qd4 1/2-1/2

[Event "SVK-chT3A2 1516"]
[Site "Slovakia"]
[Date "2016.04.10"]
[Round "11.2"]
[White "Doucha, Ludvig"]
[Black "Zigo, Rastislav"]
[Result "1-0"]
[WhiteElo "1967"]
[BlackElo "1999"]
[PlyCount "99"]
[EventDate "2015.10.11"]
[EventType "team-tourn"]
[EventRounds "11"]
[EventCountry "SVK"]
[SourceTitle "EXT 2020"]
[Source "ChessBase"]
[SourceDate "2019.10.17"]
[SourceVersion "1"]
[SourceVersionDate "2019.10.17"]
[SourceQuality "1"]
[WhiteTeam "Trnava Lokomotiva III"]
[BlackTeam "Sered MSK"]
[WhiteTeamCountry "SVK"]
[BlackTeamCountry "SVK"]

1. d4 Nf6 2. Nf3 e6 3. e3 d5 4. Bd3 c5 5. c3 Be7 6. Nbd2 0-0 7. 0-0 b6 8. Qe2 Bb7 9. Re1 Nbd7 10. a3 Ne4 11. Ne5 Qc7 12. Nxd7 Qxd7 13. f3 Nf6 14. b4 a5 15. bxc5 bxc5 16. Bb2 c4 17. Bc2 a4 18. e4 Bd8 19. e5 Ne8 20. f4 g6 21. Nf3 Nc7 22. g4 Be7 23. g5 Rfb8 24. h4 Qe8 25. Nh2 Bc6 26. Bc1 Nb5 27. Qf3 Qf8 28. Ng4 Nxa3 29. Bxa3 Bxa3 30. Nf6+ Kh8 31. Nxh7 Kxh7 32. Rxa3 Qxa3 33. Qh5+ Kg8 34. Bxg6 fxg6 35. Qxg6+ Kf8 36. Qf6+ Ke8 37. Qxe6+ Qe7 38. Qxc6+ Kf8 39. Qxd5 a3 40. f5 a2 41. f6 Qc7 42. g6 Rb7 43. Kf2 Qb8 44. Rg1 Raa7 45. Ke3 a1Q 46. g7+ Rxg7 47. fxg7+ Rxg7 48. Rxa1 Ra7 49. Rxa7 Qxa7 50. Qc5+ 1-0